| 000 | 01557nam a2200241Ia 4500 | ||
|---|---|---|---|
| 999 |
_c55160 _d55160 |
||
| 001 | 22235 | ||
| 003 | GE_BSU | ||
| 005 | 20230120163732.0 | ||
| 008 | 181216s ||||ge |||||||||||||| ||geo|| | ||
| 020 | _a978994135613 | ||
| 040 | _cGE_BSU | ||
| 041 | _ageo | ||
| 080 | _a811.353.1'366 ა-96 | ||
| 245 |
_aახალი ქართული ენა : _bწიგნი I სალიტერატურო ენის მორფოლოგია ზოგადი სახელი / _cგიორგი გოგოლაშვილისა და ავთანდილ არაბულის რედაქციით ; იდეის ავტორი და პროექტის ხელმძღვანელი გიორგი გოგოლაშვილი. |
||
| 264 |
_aთბილისი : _bუნივერსიტეტის გამომცემლობა, _c2016. |
||
| 300 |
_a404 გვ. ; _c26 სმ. |
||
| 541 | _h12ლ.80თ. | ||
| 653 | _aახალი ქართული ენა | ||
| 653 | _aსალიტერატურო ენის მორფოლოგია | ||
| 653 | _aმორფოლოგია | ||
| 710 |
_aივ. ჯავახიშვილის სახელობის თბილისის სახელმწიფო უნივერსიტეტი _bარნ. ჩიქობავას სახელობის ენათმეცნიერების ინსტიტუტი _916737 |
||
| 942 |
_cBK _2udc |
||